| 000 | 00517nam a22001697a 4500 | ||
|---|---|---|---|
| 082 |
_a922.9756 _bBEH |
||
| 100 |
_aBeha ud din _946133 |
||
| 245 |
_aThe life of salah ud din ayyubi _cBeha ud din |
||
| 260 |
_aRawalpindi _bArmy book club. _cc1983. |
||
| 300 |
_a420 p. _bill. _c24 cm. |
||
| 526 |
_a0 _b0 _c0 _d922_975600000000000_BEH |
||
| 526 |
_a0 _b0 _c0 _d922_975600000000000_BEH |
||
| 526 |
_a0 _b0 _c0 _d922_975600000000000_BEH |
||
| 526 |
_a0 _b0 _c0 _d922_975600000000000_BEH |
||
| 650 |
_aMCE _9379 |
||
| 942 |
_2ddc _cBK |
||
| 999 |
_c549476 _d549476 |
||